Estadística básica aplicada / (Registro nro. 173005)

Detalles MARC
000 -LEADER
fixed length control field 01239nam a22003611i 4500
001 - CONTROL NUMBER
control field bslw10067897
006 - FIXED-LENGTH DATA ELEMENTS--ADDITIONAL MATERIAL CHARACTERISTICS--GENERAL INFORMATION
fixed length control field m o d
007 - PHYSICAL DESCRIPTION FIXED FIELD--GENERAL INFORMATION
fixed length control field cr un ---uuuua
008 - FIXED-LENGTH DATA ELEMENTS--GENERAL INFORMATION
fixed length control field 230712s2019 ck ad ob 001 0 spa d
020 ## - INTERNATIONAL STANDARD BOOK NUMBER
International Standard Book Number 9789587717471
020 ## - INTERNATIONAL STANDARD BOOK NUMBER
International Standard Book Number 9789587717488
Qualifying information (eISBN)
035 ## -
-- 38701
040 ## - CATALOGING SOURCE
Original cataloging agency UtOrBLW
Language of cataloging eng
Description conventions rda
Transcribing agency UtOrBLW
050 #4 -
-- QA276
-- .M37 2019
082 04 -
-- 519.53
-- 23
100 1# - MAIN ENTRY--PERSONAL NAME
Personal name Martínez Bencardino, Ciro,
Relator term author.
245 10 - TITLE STATEMENT
Title Estadística básica aplicada /
Statement of responsibility, etc Ciro Martínez Bencardino.
250 ## -
-- Quinta edición.
264 #1 -
-- Bogotá, Colombia :
-- Ecoe Ediciones,
-- 2019.
300 ## - PHYSICAL DESCRIPTION
Extent 1 online resource (xvi, 388 pages) :
Other physical details illustrations, charts
336 ## -
-- text
-- txt
-- rdacontent
337 ## -
-- computer
-- c
-- rdamedia
338 ## -
-- online resource
-- cr
-- rdacarrier
490 1# - SERIES STATEMENT
Series statement Colección Ciencias básicas. Área Estadística
504 ## - BIBLIOGRAPHY, ETC. NOTE
Bibliography, etc Includes bibliographical references and index.
650 #0 - SUBJECT ADDED ENTRY--TOPICAL TERM
Topical term or geographic name as entry element Mathematical statistics.
650 #0 - SUBJECT ADDED ENTRY--TOPICAL TERM
Topical term or geographic name as entry element Statistics
Form subdivision Problems, exercises, etc.
650 #0 - SUBJECT ADDED ENTRY--TOPICAL TERM
Topical term or geographic name as entry element Sampling (Statistics)
830 #0 -
-- Colección Ciencias básicas.
-- Área Estadística.
856 40 - LOCALIZACIÓN Y ACCESO ELECTRÓNICO
Identificador Uniforme del Recurso (URI/URL) https://app.vlex.com/#/sources/38701
942 ## -
-- RAA
999 ## -
-- 173005
-- 173005

No hay ítems disponibles.


CONTACTO


NOSOTROS


SITIOS DE INTERES

coordinacion.biblioteca.biblioteca@unienlinea.mx Misión, Visión y Objetivos Bases de datos
Directorio Bibliotecas Digitales y Repositorios
Normatividad Revistas y artículos
Convenios interbibliotecarios
Boletines



Hecho en México. Universidad Insurgentes (UIN). Todos los derechos reservados 2024. Esta página y sus contenidos pueden ser reproducidos con fines no lucrativos, siempre y cuando no se mutile, se cite la fuente completa y su dirección electrónicas. De otra forma requiere permiso previo por escrito de la institución




2024 Copyright Universidad Insurgentes | www.bibliouin.com.mx